[Event "Tournoi francophone 018D"]
[Site "Skype"]
[Date "????.??.??"]
[Round "1.1"]
[White "Sequeda Pimiento, Javier Ricardo"]
[Black "Le Bouill, Pierre"]
[Result "1-0"]
[WhiteElo "1433"]
[BlackElo "1260"]
[PlyCount "113"]

1. e4 d6 2. d4 c6 3. c4 Nf6 4. Nc3 g6 5. Bf4 Bg7 6. e5 dxe5 7. Bxe5 O-O 8. Nf3
Nbd7 9. Bd3 e6 10. O-O b6 11. Re1 Bb7 12. Ne4 Nxe5 13. Nxf6+ Bxf6 14. dxe5 Bg7
15. Rc1 c5 16. a3 Qe7 17. Qe2 Rad8 18. Be4 Bh6 19. Rcd1 Rxd1 20. Rxd1 Ba6 21.
Bc6 Rd8 22. Re1 Bg7 23. Qe4 Bc8 24. h4 f5 25. Qf4 h6 26. g4 fxg4 27. Qxg4 Rf8
28. Qxg6 Qf7 29. Qxf7+ Rxf7 30. Kg2 Rf5 31. Be8 Kf8 32. Bg6 Rf4 33. Be4 Ke7 34.
Kg3 Rf8 35. h5 Rg8 36. Kh4 Bd7 37. Bg6 Rf8 38. Kg4 Bc6 39. Be4 Ba4 40. Re3 Rg8
41. Kh4 Kd7 42. Rd3+ Kc7 43. Bg6 Bf8 44. Nh2 Be7+ 45. Kh3 Rf8 46. Ng4 Bc2 47.
Rd2 Ba4 48. Kg3 Bc6 49. f4 a5 50. Nxh6 Rb8 51. Nf7 b5 52. cxb5 Rxb5 53. Ng5 Bd7
54. h6 Rb8 55. h7 Rh8 56. Nf7 Rf8 57. h8=Q 1-0

[Event "Tournoi francophone 018D"]
[Site "Skype"]
[Date "????.??.??"]
[Round "1.2"]
[White "Ibanez, Bittor"]
[Black "Rivalta, Paolo"]
[Result "1-0"]
[WhiteElo "1054"]
[BlackElo "1142"]
[PlyCount "147"]

1. e4 e5 2. Nf3 Nc6 3. Bc4 Bc5 4. c3 d6 5. d4 exd4 6. cxd4 Bb4+ 7. Bd2 Bxd2+ 8.
Qxd2 Nf6 9. Nc3 d5 10. Bxd5 Bd7 11. e5 Nxd5 12. Nxd5 Be6 13. Nf4 Bg4 14. Ne2
Qd5 15. Nc3 Qc4 16. b3 Qb4 17. Nd5 Qxd2+ 18. Nxd2 O-O-O 19. f3 Rxd5 20. fxg4
Rxd4 21. Nc4 Re4+ 22. Kf2 Nxe5 23. Nxe5 Rxe5 24. Rad1 Rhe8 25. Rd2 f5 26. Rhd1
fxg4 27. Rd7 Rf5+ 28. Kg3 h5 29. Rxg7 Rd8 30. Rxd8+ Kxd8 31. h3 gxh3 32. Kxh3
Rf1 33. Kh2 Rf2 34. a4 Ra2 35. Rh7 Ra3 36. Rxh5 Rxb3 37. g4 Ra3 38. a5 a6 39.
Kg2 Kd7 40. Rd5+ Ke6 41. Rc5 c6 42. g5 Kf7 43. Kf2 Kg6 44. Re5 Ra4 45. Kf3 Rb4
46. Kg3 Rb5 47. Kf4 c5 48. Re6+ Kf7 49. Rf6+ Kg7 50. Kf5 c4+ 51. Ke6 Rxg5 52.
Rf7+ Kg8 53. Rxb7 Rg7 54. Rb8+ Kh7 55. Rc8 Rg6+ 56. Kf5 Kh6 57. Ke4 Rg5 58.
Rc6+ Kh5 59. Rxa6 Rg4+ 60. Kf3 c3 61. Ke2 Rd4 62. Rc6 Rd2+ 63. Ke1 Rd3 64. a6
Re3+ 65. Kd1 c2+ 66. Kxc2 Ra3 67. Kb2 Ra5 68. Kb3 Kg5 69. Kb4 Ra1 70. Rc5+ Kf6
71. Ra5 Rb1+ 72. Kc5 Rb8 73. a7 Ra8 74. Kb6 1-0

[Event "Tournoi francophone 018D"]
[Site "Skype"]
[Date "????.??.??"]
[Round "1.4"]
[White "Scata, Laura"]
[Black "Bucherie, Volcy"]
[Result "1-0"]
[WhiteElo "1366"]
[BlackElo "1274"]
[PlyCount "73"]

1. d4 Nf6 2. Nf3 d5 3. Bf4 Bf5 4. e3 e6 5. Bd3 Bxd3 6. Qxd3 c5 7. c3 c4 8. Qc2
b5 9. Nbd2 Be7 10. e4 O-O 11. O-O Nc6 12. exd5 Nxd5 13. Bg3 a5 14. a4 b4 15.
Nxc4 bxc3 16. bxc3 Nxc3 17. Qxc3 Bb4 18. Qd3 Bc5 19. Rfd1 Nb4 20. Qd2 Qd5 21.
dxc5 Qxc4 22. Rac1 Qb3 23. Bd6 Rfd8 24. Ra1 Nc2 25. Rdb1 Nxa1 26. Rxb3 Nxb3 27.
Qc2 Na1 28. Qc3 Ra6 29. Qxa1 Raxd6 30. cxd6 Rxd6 31. Kf1 Kf8 32. Ke2 Rd5 33.
Nd2 Rg5 34. g3 Ke7 35. Nc4 h5 36. h4 Rc5 37. Qa3 1-0

[Event "Tournoi francophone 018D"]
[Site "Skype"]
[Date "????.??.??"]
[Round "1.5"]
[White "L'Herbon De Lussats, Jean"]
[Black "Duthoit, Bernard"]
[Result "0-1"]
[WhiteElo "1249"]
[BlackElo "1317"]
[PlyCount "90"]

1. c4 Nf6 2. g3 Nc6 3. Bg2 e5 4. Nc3 d6 5. e3 Be6 6. b3 Be7 7. Nge2 Qd7 8. O-O
Bh3 9. d4 Bxg2 10. Kxg2 exd4 11. exd4 d5 12. Bf4 dxc4 13. bxc4 O-O 14. Nb5 Bd6
15. Nxd6 cxd6 16. Qc2 Rfe8 17. Rab1 Na5 18. c5 dxc5 19. Qxc5 Nc6 20. Rfe1 b6
21. Qc4 Qd5+ 22. Qxd5 Nxd5 23. Bd2 Re4 24. Kf3 Re6 25. Be3 Ncb4 26. Nf4 Rf6 27.
Kg4 Nxe3+ 28. fxe3 Nxa2 29. Nd5 Rd6 30. e4 g6 31. Rb2 f5+ 32. Kf4 fxe4 33. Rxa2
Rxd5 34. Rxe4 a5 35. Rd2 a4 36. Re5 Rxe5 37. Kxe5 b5 38. d5 Kf7 39. d6 a3 40.
d7 Ke7 41. Kd5 a2 42. Kc6 a1=Q 43. d8=Q+ Rxd8 44. Re2+ Kf7 45. Rf2+ Kg7 0-1

[Event "Tournoi francophone 018D"]
[Site "Skype"]
[Date "????.??.??"]
[Round "2.1"]
[White "Le Bouill, Pierre"]
[Black "Duthoit, Bernard"]
[Result "0-1"]
[WhiteElo "1260"]
[BlackElo "1317"]
[PlyCount "70"]

1. d4 e5 2. e4 d6 3. c3 Nf6 4. Bd3 Nbd7 5. Nf3 b6 6. Nbd2 Bb7 7. d5 c6 8. c4
Nc5 9. Bc2 cxd5 10. cxd5 Ba6 11. b4 Nd3+ 12. Bxd3 Bxd3 13. Ng5 h6 14. Qf3 Bc2
15. Nh3 Rc8 16. O-O Qd7 17. a4 Bxa4 18. Qa3 b5 19. Bb2 Rc2 20. Nf3 Nxe4 21.
Rac1 g5 22. Rxc2 Bxc2 23. Ne1 Bd1 24. Qd3 Qg4 25. g3 Be2 26. f3 Qxh3 27. Qxe2
Nf6 28. Qxb5+ Qd7 29. Qb8+ Ke7 30. Nd3 Nxd5 31. Rc1 Bg7 32. Nc5 Rxb8 33. Nxd7
Kxd7 34. Ba3 Nxb4 35. Bxb4 Rxb4 0-1

[Event "Tournoi francophone 018D"]
[Site "Skype"]
[Date "????.??.??"]
[Round "2.2"]
[White "Bucherie, Volcy"]
[Black "L'Herbon De Lussats, Jean"]
[Result "0-1"]
[WhiteElo "1274"]
[BlackElo "1249"]
[PlyCount "72"]

1. d4 Nf6 2. c4 g6 3. b3 Bg7 4. Bb2 O-O 5. g3 c6 6. Bg2 d5 7. e3 Nbd7 8. Ne2 e5
9. dxe5 Ne4 10. cxd5 Qa5+ 11. Nbc3 Nxc3 12. Bxc3 Qc5 13. b4 Qc4 14. dxc6 bxc6
15. O-O Nxe5 16. Qc2 Bg4 17. f3 Bf5 18. e4 Be6 19. Nf4 Rad8 20. Nxe6 Qxe6 21.
Rad1 Rd7 22. Rxd7 Nxd7 23. Bxg7 Kxg7 24. f4 f5 25. Qc3+ Nf6 26. e5 Ng4 27. Bxc6
Rc8 28. b5 a6 29. a4 h6 30. Qc5 g5 31. Qa7+ Kg6 32. Bd7 Qc4 33. Bxc8 Qxc8 34.
Qb6+ Kh5 35. bxa6 Qc2 36. e6 Qxh2# 0-1

[Event "Tournoi francophone 018D"]
[Site "Skype"]
[Date "????.??.??"]
[Round "2.3"]
[White "Farfallini, Michel"]
[Black "Scata, Laura"]
[Result "0-1"]
[WhiteElo "1404"]
[BlackElo "1366"]
[PlyCount "112"]

1. e4 c6 2. Nf3 d5 3. Nc3 dxe4 4. Nxe4 Bf5 5. Nc3 Nf6 6. Bc4 e6 7. d4 Nbd7 8.
a3 Bd6 9. Bg5 Qc7 10. Nh4 Bg4 11. f3 h6 12. Bd2 Bh5 13. g4 Bg6 14. Nxg6 fxg6
15. Qe2 O-O-O 16. O-O-O Rhe8 17. Bxe6 Kb8 18. Qc4 Re7 19. g5 hxg5 20. Bxg5 Nf8
21. Bh3 N8h7 22. Bd2 g5 23. d5 Bf4 24. Bxf4 Qxf4+ 25. Qxf4+ gxf4 26. dxc6 Rxd1+
27. Rxd1 bxc6 28. Bg2 g5 29. Ne4 Nxe4 30. fxe4 g4 31. e5 f3 32. Bf1 Rxe5 33.
Kd2 Kc7 34. Re1 Kd6 35. Bd3 Ng5 36. c4 c5 37. b4 Ne6 38. Rxe5 Kxe5 39. Ke3 a6
40. Kf2 Kd4 41. Bf5 Ng5 42. Bxg4 cxb4 43. axb4 Kxc4 44. Bxf3 Kxb4 45. Bd5 a5
46. Kg3 a4 47. Kf4 Kc5 48. Bg8 Nh3+ 49. Kg3 Ng1 50. Kg2 Ne2 51. h4 Nf4+ 52. Kg3
Nh5+ 53. Kh3 Kd4 54. Bf7 a3 55. Kg4 Nf6+ 56. Kg5 Nd5 0-1

[Event "Tournoi francophone 018D"]
[Site "Skype"]
[Date "????.??.??"]
[Round "2.4"]
[White "Rivalta, Paolo"]
[Black "De Coninck, Philippe"]
[Result "1-0"]
[WhiteElo "1142"]
[BlackElo "1197"]
[PlyCount "69"]

1. e4 e5 2. Nf3 Nc6 3. Bc4 Nd4 4. Nxe5 Qg5 5. Ng4 d6 6. h3 Bxg4 7. hxg4 Nf6 8.
d3 Qxg4 9. Qxg4 Nxg4 10. Na3 Nf6 11. c3 Nc6 12. Nb5 Kd7 13. Bxf7 Ne5 14. Bc4
Nxc4 15. dxc4 Nxe4 16. Rh4 Re8 17. Kf1 a6 18. Nd4 c5 19. Nf3 g6 20. Bd2 Nxd2+
21. Nxd2 Bg7 22. Ne4 h6 23. Rd1 Re6 24. Nxc5+ Ke7 25. Nxe6 Kxe6 26. Re4+ Kd7
27. c5 Rf8 28. cxd6 Re8 29. Rxe8 Kxe8 30. d7+ Kd8 31. Rd3 g5 32. b4 g4 33. c4
h5 34. a4 h4 35. Kg1 1-0

[Event "Tournoi francophone 018D"]
[Site "Skype"]
[Date "????.??.??"]
[Round "2.5"]
[White "Sequeda Pimiento, Javier Ricardo"]
[Black "Ibanez, Bittor"]
[Result "1-0"]
[WhiteElo "1433"]
[BlackElo "1054"]
[PlyCount "63"]

1. e4 c5 2. Nf3 Nc6 3. d4 cxd4 4. Nxd4 e5 5. Nf3 Nf6 6. Nc3 a6 7. Bg5 Be7 8.
Bxf6 Bxf6 9. Nd5 O-O 10. Bd3 d6 11. O-O Be6 12. Nxf6+ Qxf6 13. c4 Nb4 14. Be2
Rac8 15. Qb3 a5 16. a3 b5 17. axb4 Bxc4 18. Bxc4 a4 19. Qa2 Rxc4 20. Qa3 Rxb4
21. Qxb4 Qg6 22. Qxb5 Qxe4 23. Rxa4 Qc2 24. Rc4 Qd3 25. Qc6 d5 26. Rc3 Qe2 27.
Re1 Qxe1+ 28. Nxe1 d4 29. Rd3 h5 30. b4 f5 31. Qe6+ Kh7 32. Qxe5 1-0

[Event "Tournoi francophone 018D"]
[Site "Skype"]
[Date "????.??.??"]
[Round "3.1"]
[White "Ibanez, Bittor"]
[Black "Le Bouill, Pierre"]
[Result "1-0"]
[WhiteElo "1054"]
[BlackElo "1260"]
[PlyCount "71"]

1. e4 d5 2. e5 d4 3. c4 c5 4. d3 e6 5. Nf3 g6 6. h4 Bh6 7. Bg5 Bxg5 8. Nxg5 f6
9. exf6 Nxf6 10. Qe2 Qe7 11. Nd2 Nc6 12. a3 e5 13. Nge4 Nxe4 14. Nxe4 Bf5 15.
g4 Bxe4 16. Qxe4 Qd8 17. Bg2 Qa5+ 18. Ke2 Qc7 19. Qd5 Qd7 20. Qxc5 Qxg4+ 21.
Bf3 Qd7 22. Bxc6 bxc6 23. Qxe5+ Kd8 24. Qxh8+ Qe8+ 25. Qxe8+ Kxe8 26. b4 Ke7
27. Rae1 Kd6 28. f4 a5 29. c5+ Kd7 30. h5 gxh5 31. b5 cxb5 32. Rxh5 Re8+ 33.
Kd2 Rf8 34. Rxh7+ Kc6 35. Re6+ Kxc5 36. Rh5+ 1-0

[Event "Tournoi francophone 018D"]
[Site "Skype"]
[Date "????.??.??"]
[Round "3.2"]
[White "De Coninck, Philippe"]
[Black "Sequeda Pimiento, Javier Ricardo"]
[Result "0-1"]
[WhiteElo "1197"]
[BlackElo "1433"]
[PlyCount "76"]

1. e4 e5 2. Nf3 Nc6 3. Bb5 a6 4. Bxc6 dxc6 5. O-O Bg4 6. h3 Bxf3 7. Qxf3 Nf6 8.
c3 Bc5 9. Rd1 O-O 10. d3 Qe7 11. Bg5 Rfe8 12. Bxf6 Qxf6 13. Qxf6 gxf6 14. Nd2
Rad8 15. Nb3 Bb6 16. Rd2 c5 17. Rad1 Kh8 18. Na1 a5 19. Nc2 a4 20. Ne3 c6 21.
Nf5 Re6 22. g4 Rg8 23. f3 Ba7 24. d4 cxd4 25. cxd4 Rd8 26. Kg2 exd4 27. Nxd4
Red6 28. Kf1 Rxd4 29. Rxd4 Rxd4 30. Rxd4 Bxd4 31. b3 axb3 32. axb3 b5 33. Ke2
c5 34. Kd3 b4 35. Kc4 Kg7 36. h4 Kg6 37. h5+ Kg5 38. Kd3 Kf4 0-1

[Event "Tournoi francophone 018D"]
[Site "Skype"]
[Date "????.??.??"]
[Round "3.3"]
[White "Scata, Laura"]
[Black "Rivalta, Paolo"]
[Result "0-1"]
[WhiteElo "1366"]
[BlackElo "1142"]
[PlyCount "96"]

1. d4 Nf6 2. Bf4 d5 3. e3 Bf5 4. Bd3 Qd7 5. c3 Bxd3 6. Qxd3 e6 7. Nd2 c5 8. Qc2
c4 9. a4 b5 10. axb5 Qxb5 11. Qa4 Qxa4 12. Rxa4 Nbd7 13. Ngf3 g6 14. O-O Bg7
15. Rfa1 Ne4 16. Rxa7 Rxa7 17. Rxa7 Ndf6 18. Nxe4 Nxe4 19. Ne5 f6 20. Nc6 O-O
21. f3 Nd2 22. Bd6 Re8 23. Rb7 Bh6 24. f4 Ne4 25. Ba3 Ra8 26. Rb6 Bf8 27. Ne7+
Bxe7 28. Rxe6 Bxa3 29. bxa3 Rxa3 30. h3 Rxc3 31. Re8+ Kf7 32. Rd8 Ke6 33. Re8+
Kd6 34. Rd8+ Kc6 35. Rc8+ Kd7 36. Rh8 Rxe3 37. Rxh7+ Ke6 38. f5+ Kxf5 39. Rd7
Ke6 40. Rg7 g5 41. Rg8 c3 42. Re8+ Kf5 43. Rd8 Re1+ 44. Kh2 c2 45. Rxd5+ Ke6
46. Rd8 c1=Q 47. d5+ Kf5 48. d6 Rh1# 0-1

[Event "Tournoi francophone 018D"]
[Site "Skype"]
[Date "????.??.??"]
[Round "3.4"]
[White "L'Herbon De Lussats, Jean"]
[Black "Farfallini, Michel"]
[Result "1-0"]
[WhiteElo "1249"]
[BlackElo "1404"]
[PlyCount "31"]

1. c4 d6 2. g3 e5 3. Bg2 Nc6 4. Nc3 Nge7 5. e4 b6 6. Nge2 Bb7 7. O-O Na5 8. b3
f5 9. d4 Ng6 10. exf5 Bxg2 11. Kxg2 Ne7 12. Bg5 h6 13. Bh4 g5 14. fxg6 Qd7 15.
Ne4 Nxg6 16. Nf6+ 1-0

[Event "Tournoi francophone 018D"]
[Site "Skype"]
[Date "????.??.??"]
[Round "3.5"]
[White "Duthoit, Bernard"]
[Black "Bucherie, Volcy"]
[Result "1/2-1/2"]
[WhiteElo "1317"]
[BlackElo "1274"]
[PlyCount "118"]

1. e4 c6 2. d4 d5 3. e5 Bf5 4. Bd3 Bxd3 5. Qxd3 e6 6. Nf3 g6 7. Be3 Bg7 8. c4
Ne7 9. cxd5 cxd5 10. Nc3 O-O 11. O-O Nbc6 12. a3 a6 13. Qd2 Na5 14. Qc2 Nf5 15.
Nd2 Qh4 16. b4 Nxd4 17. Bxd4 Qxd4 18. bxa5 Bxe5 19. Rfc1 Rfc8 20. Ndb1 Qf4 21.
g3 Qf3 22. Ra2 d4 23. Qe2 Qf5 24. Re1 dxc3 25. Qc2 Qxc2 26. Rxc2 Bd4 27. Rec1
Rc5 28. Nxc3 Rxa5 29. Nb1 Rc5 30. Rxc5 Bxc5 31. Rxc5 Kg7 32. a4 a5 33. Rc7 b6
34. Rc6 Rb8 35. Na3 Kf6 36. Nc4 b5 37. axb5 Rxb5 38. Ra6 Rb1+ 39. Kg2 Ra1 40.
Rxa5 Rxa5 41. Nxa5 h5 42. f4 Kf5 43. Kf3 f6 44. Nc6 e5 45. fxe5 fxe5 46. Ne7+
Kg5 47. h4+ Kf6 48. Nc6 Kf5 49. Ne7+ Kf6 50. Ng8+ Kf5 51. Nh6+ Kf6 52. Ke4 Kg7
53. Nf5+ gxf5+ 54. Kxf5 e4 55. Kxe4 Kg6 56. Kf4 Kf6 57. g4 hxg4 58. Kxg4 Kg6
59. h5+ Kh6 1/2-1/2

[Event "Tournoi francophone 018D"]
[Site "Skype"]
[Date "????.??.??"]
[Round "4.1"]
[White "Le Bouill, Pierre"]
[Black "Bucherie, Volcy"]
[Result "0-1"]
[WhiteElo "1260"]
[BlackElo "1274"]
[PlyCount "62"]

1. d4 Nf6 2. Nf3 d5 3. h3 a6 4. Bf4 Bf5 5. e3 e6 6. c3 c5 7. Bd3 Bxd3 8. Qxd3
c4 9. Qc2 b5 10. a3 Nc6 11. Ne5 Qc7 12. Nd2 Bd6 13. Ndf3 O-O 14. O-O Nh5 15.
Bh2 Nxe5 16. Bxe5 Bxe5 17. Nxe5 Nf6 18. f3 a5 19. b4 cxb3 20. Qxb3 Rfb8 21.
Rac1 a4 22. Qd1 Nh5 23. Qe1 Qd6 24. Qh4 Nf6 25. Ra1 Nd7 26. Ng4 Qc7 27. Rac1
Qc4 28. Qe1 Qa2 29. Ra1 Qb2 30. Rf2 Qb3 31. Rb2 Qxb2 0-1

[Event "Tournoi francophone 018D"]
[Site "Skype"]
[Date "????.??.??"]
[Round "4.2"]
[White "Farfallini, Michel"]
[Black "Duthoit, Bernard"]
[Result "0-1"]
[WhiteElo "1404"]
[BlackElo "1317"]
[PlyCount "52"]

1. d4 e5 2. dxe5 Nc6 3. Nf3 Qe7 4. Bf4 Qb4+ 5. Bd2 Qxb2 6. Nc3 Nb4 7. Rc1 c6 8.
e4 Nxa2 9. Nxa2 Qxa2 10. Bc3 Qa3 11. Qd2 b5 12. Ra1 Qc5 13. Be2 a5 14. O-O a4
15. Bb4 Qxb4 16. Qxb4 Bxb4 17. Rfb1 Bc3 18. Ra2 Ne7 19. Rb3 b4 20. Rb1 c5 21.
Bc4 O-O 22. Bb3 a3 23. Bd5 Nxd5 24. exd5 Re8 25. Rb3 Bb7 26. d6 Bd5 0-1

[Event "Tournoi francophone 018D"]
[Site "Skype"]
[Date "????.??.??"]
[Round "4.3"]
[White "Rivalta, Paolo"]
[Black "L'Herbon De Lussats, Jean"]
[Result "0-1"]
[WhiteElo "1142"]
[BlackElo "1249"]
[PlyCount "108"]

1. e4 c5 2. Nf3 d6 3. Bc4 Nf6 4. Nc3 Nc6 5. O-O Bg4 6. h3 Bh5 7. Be2 e5 8. d3
Be7 9. a3 O-O 10. Nd5 Nd4 11. c3 Nxe2+ 12. Qxe2 Nxd5 13. exd5 b5 14. b4 Rc8 15.
Bb2 c4 16. dxc4 bxc4 17. Qe4 Bg6 18. Qe3 Qb6 19. Bc1 h6 20. a4 f6 21. a5 Qb7
22. Rd1 Bf7 23. Qe4 h5 24. a6 Qa8 25. Nh4 Rfe8 26. Ng6 Bd8 27. Qf5 Bxd5 28. g3
Bh1 29. Nh4 g5 30. Qg6+ Kf8 31. Kh2 Be4 32. Nf5 Re6 33. Qh6+ Ke8 34. Nxd6+ Rxd6
35. Rxd6 Bh1 36. Qh8+ Kf7 37. Qxh5+ Ke7 38. Qh7+ Kxd6 39. f3 Qxf3 40. Qc2 Qc6
41. b5 Be4 42. Ba3+ Kc7 43. Qa4 Qd5 44. Rd1 Bd3 45. Qa5+ Kb8 46. Qb4 Bc7 47.
Qe7 Qf3 48. Rd2 e4 49. Bd6 e3 50. b6 axb6 51. Bxc7+ Rxc7 52. Qd8+ Rc8 53. Qxb6+
Ka8 54. Rb2 Be4 0-1

[Event "Tournoi francophone 018D"]
[Site "Skype"]
[Date "????.??.??"]
[Round "4.4"]
[White "Sequeda Pimiento, Javier Ricardo"]
[Black "Scata, Laura"]
[Result "1-0"]
[WhiteElo "1433"]
[BlackElo "1366"]
[PlyCount "103"]

1. e4 c6 2. d4 d5 3. exd5 cxd5 4. Nc3 Nc6 5. Nf3 Nf6 6. Bb5 Bd7 7. Bg5 a6 8.
Ba4 b5 9. Bb3 e6 10. Ne5 Be7 11. a3 O-O 12. O-O Nxe5 13. dxe5 Ne8 14. Bxe7 Qxe7
15. Re1 Nc7 16. Qd4 a5 17. Ne2 Na6 18. Ng3 a4 19. Ba2 b4 20. Nh5 Qg5 21. Ng3
Qe7 22. h4 Rac8 23. Bb1 Rc4 24. Qe3 Qxh4 25. c3 bxc3 26. bxc3 Rfc8 27. Ne2 Nc5
28. Bc2 Ne4 29. Bxe4 Rxe4 30. Qa7 Qd8 31. f3 Rxe5 32. Rab1 h6 33. Rb7 Be8 34.
Qf2 Rb8 35. Rb4 Rxb4 36. cxb4 Bb5 37. Nd4 Rxe1+ 38. Qxe1 Qb6 39. Qe3 Bc4 40. f4
g6 41. Kf2 Kf8 42. Qe5 Ke7 43. Kg3 f6 44. Qe3 Kd7 45. Kh4 g5+ 46. fxg5 hxg5+
47. Kh5 e5 48. Qh3+ Ke7 49. Nf5+ Kf8 50. Kg6 d4 51. Qh8+ Bg8 52. Qg7+ 1-0

[Event "Tournoi francophone 018D"]
[Site "Skype"]
[Date "????.??.??"]
[Round "4.5"]
[White "Ibanez, Bittor"]
[Black "De Coninck, Philippe"]
[Result "0-1"]
[WhiteElo "1054"]
[BlackElo "1197"]
[PlyCount "96"]

1. e4 e5 2. Nf3 Nc6 3. Bb5 a6 4. Bxc6 dxc6 5. Nxe5 Qd4 6. Nf3 Qxe4+ 7. Qe2
Qxe2+ 8. Kxe2 Bg4 9. h3 Bh5 10. g4 Bg6 11. d3 Bc5 12. Bf4 O-O-O 13. Nbd2 Ne7
14. Nb3 Bb6 15. Ne5 Nd5 16. Bd2 Rhe8 17. f4 f6 18. c4 fxe5 19. f5 Nf4+ 20. Bxf4
exf4+ 21. Kf3 Bf7 22. Rad1 g6 23. Nd2 gxf5 24. Kxf4 Rxd3 25. g5 Be3+ 26. Kxf5
Rxd2 27. Rxd2 Bxd2 28. b3 Bg6+ 29. Kg4 h5+ 30. gxh6 Bxh6 31. Rf1 Re4+ 32. Kg3
Bh5 33. Rf6 Bg5 34. Rf8+ Be8 35. Rf5 Bh4+ 36. Kf3 Re1 37. Kg4 Bd7 38. Kxh4 Bxf5
39. Kh5 Re2 40. h4 Rxa2 41. Kg5 Rf2 42. h5 Bh7 43. Kh6 Rf7 44. b4 Kd7 45. c5
Ke6 46. Kg5 Ke5 47. Kh6 Kf6 48. b5 Bg8 0-1

[Event "Tournoi francophone 018D"]
[Site "Skype"]
[Date "????.??.??"]
[Round "5.1"]
[White "De Coninck, Philippe"]
[Black "Le Bouill, Pierre"]
[Result "1-0"]
[WhiteElo "1197"]
[BlackElo "1260"]
[PlyCount "89"]

1. e4 e6 2. Nf3 Nc6 3. Bb5 a6 4. Bxc6 bxc6 5. d4 d5 6. Nbd2 g6 7. c4 Bg7 8. b3
Ne7 9. O-O O-O 10. Ba3 Re8 11. Bxe7 Qxe7 12. cxd5 exd5 13. Re1 Qd8 14. Qc2 Bb7
15. Rac1 Bh6 16. exd5 Rxe1+ 17. Rxe1 Bxd2 18. Qxd2 cxd5 19. Qb4 Rb8 20. Qe7 Bc6
21. Qxd8+ Rxd8 22. Re7 Rd7 23. Rxd7 Bxd7 24. Kf1 Kf8 25. Ke2 Ke7 26. Ke3 f6 27.
Kd3 Kd6 28. Kc3 a5 29. h3 h5 30. Ne1 Bf5 31. a4 Kc6 32. b4 axb4+ 33. Kxb4 Bc8
34. Nd3 Ba6 35. Nf4 g5 36. Nxh5 Bf1 37. g3 Bxh3 38. Nxf6 Bc8 39. a5 Ba6 40. Ng4
Kd6 41. Ne5 Ke6 42. Kc5 Bb7 43. Kb5 c6+ 44. Nxc6 Bxc6+ 45. Kxc6 1-0

[Event "Tournoi francophone 018D"]
[Site "Skype"]
[Date "????.??.??"]
[Round "5.2"]
[White "Scata, Laura"]
[Black "Ibanez, Bittor"]
[Result "1-0"]
[WhiteElo "1366"]
[BlackElo "1054"]
[PlyCount "109"]

1. d4 Nf6 2. Nf3 d6 3. e3 g6 4. Bc4 d5 5. Bb3 Bg7 6. Nbd2 b6 7. c3 Ba6 8. Bc2
Nbd7 9. e4 dxe4 10. Nxe4 O-O 11. Nxf6+ exf6 12. Be3 Re8 13. Bd3 Nb8 14. Bxa6
Nxa6 15. O-O Qd5 16. Qd2 Re4 17. Qc2 Rg4 18. h3 Qe4 19. Qa4 Qxf3 20. hxg4 Qe2
21. Rfe1 Qxb2 22. Qxa6 Qxc3 23. Qb7 Re8 24. Rec1 Qb2 25. Qxc7 f5 26. gxf5 Bxd4
27. Bxd4 Qxd4 28. Qxa7 Re2 29. Rf1 Rxf2 30. Rxf2 Qxa1+ 31. Kh2 Qd4 32. Re2 Qf4+
33. g3 Qxf5 34. Qb8+ Kg7 35. Qe5+ Qxe5 36. Rxe5 Kf6 37. Rb5 h5 38. Rxb6+ Ke5
39. a4 Kf5 40. a5 h4 41. gxh4 Kg4 42. Rb4+ Kh5 43. a6 g5 44. hxg5 Kxg5 45. a7
f5 46. a8=Q f4 47. Rxf4 Kxf4 48. Qd5 Ke3 49. Qc4 Kf3 50. Qd4 Ke2 51. Qc3 Kf2
52. Qd3 Ke1 53. Qc2 Kf1 54. Kg3 Ke1 55. Kf3 1-0

[Event "Tournoi francophone 018D"]
[Site "Skype"]
[Date "????.??.??"]
[Round "5.3"]
[White "L'Herbon De Lussats, Jean"]
[Black "Sequeda Pimiento, Javier Ricardo"]
[Result "1/2-1/2"]
[WhiteElo "1249"]
[BlackElo "1433"]
[PlyCount "105"]

1. c4 Nf6 2. Nf3 e6 3. Nc3 Be7 4. g3 O-O 5. Bg2 d5 6. d4 c5 7. Bf4 a6 8. O-O
Nc6 9. cxd5 exd5 10. e3 Nh5 11. Qc2 Nxf4 12. gxf4 cxd4 13. exd4 Bg4 14. Qd3 Bf6
15. Ne5 Nb4 16. Qd2 Bf5 17. Rac1 Bxe5 18. fxe5 Qh4 19. Nxd5 Nxd5 20. Bxd5 Rad8
21. Bxb7 Rxd4 22. Qe3 Rg4+ 23. Kh1 Be4+ 24. Bxe4 Rxe4 25. Qg3 Qxg3 26. hxg3
Rxe5 27. Rfe1 Rh5+ 28. Kg2 g6 29. b4 Rb8 30. Rc4 Rf5 31. a4 h5 32. f4 g5 33.
Re5 Rxe5 34. fxe5 Kf8 35. Kf3 Ke7 36. Ke4 h4 37. gxh4 gxh4 38. Rc7+ Ke6 39.
Rc6+ Kd7 40. Rxa6 Rxb4+ 41. Kf5 h3 42. Rh6 Rb3 43. a5 Ra3 44. a6 Kc7 45. Kg4
Re3 46. Kf4 Ra3 47. Kg4 Re3 48. Kf5 Kb8 49. Kf4 Ra3 50. Kg4 Re3 51. Kf4 Ra3 52.
Kg4 Re3 53. Kf4 1/2-1/2

[Event "Tournoi francophone 018D"]
[Site "Skype"]
[Date "????.??.??"]
[Round "5.4"]
[White "Duthoit, Bernard"]
[Black "Rivalta, Paolo"]
[Result "1-0"]
[WhiteElo "1317"]
[BlackElo "1142"]
[PlyCount "115"]

1. e4 e5 2. Nf3 Nc6 3. Bb5 Nd4 4. Nxd4 exd4 5. d3 c6 6. Ba4 b5 7. Bb3 Bb4+ 8.
Bd2 Bxd2+ 9. Nxd2 Nf6 10. a4 a6 11. axb5 Bb7 12. bxa6 Bxa6 13. Nf3 O-O 14. Nxd4
c5 15. Nf3 Re8 16. O-O d6 17. Ng5 Re7 18. Re1 h6 19. Nf3 Qe8 20. Nh4 Bb7 21.
Nf5 Rxa1 22. Qxa1 Re5 23. Nxd6 Qe7 24. Nxf7 Rh5 25. Nd6+ Kh7 26. Nxb7 Qxb7 27.
Qd1 Rg5 28. Qf3 Qb4 29. Qe2 Qd4 30. c3 Qe5 31. f4 Qxf4 32. Rf1 Qe5 33. Rf3 Nh5
34. Qf2 Nf6 35. Rf5 Qxh2+ 36. Kxh2 Ng4+ 37. Kg1 Nxf2 38. Rxf2 h5 39. Rf4 Kh6
40. d4 cxd4 41. cxd4 Rg3 42. Bd1 g6 43. Kh2 Rd3 44. Bf3 Rxd4 45. g3 Rd2+ 46.
Kh3 g5 47. Rf6+ Kg7 48. Re6 g4+ 49. Bxg4 hxg4+ 50. Kxg4 Rxb2 51. Kg5 Rb5+ 52.
Kf4 Kf7 53. Re5 Rb6 54. g4 Rb3 55. g5 Rb1 56. Rf5+ Kg6 57. Rf6+ Kh5 58. Rh6#
1-0

[Event "Tournoi francophone 018D"]
[Site "Skype"]
[Date "????.??.??"]
[Round "5.5"]
[White "Bucherie, Volcy"]
[Black "Farfallini, Michel"]
[Result "0-1"]
[WhiteElo "1274"]
[BlackElo "1404"]
[PlyCount "130"]

1. d4 d5 2. c4 e6 3. cxd5 exd5 4. Nc3 Nf6 5. g3 c6 6. Bg2 Bb4 7. a3 Ba5 8. b4
Bb6 9. e3 a6 10. Nf3 Bg4 11. O-O Ne4 12. Na4 Ba7 13. Nc5 Nxc5 14. bxc5 b6 15.
h3 Be6 16. Ng5 Qxg5 17. h4 Qe7 18. cxb6 Bxb6 19. Rb1 Bd8 20. e4 Qd7 21. Qb3 Bh3
22. a4 Bxg2 23. Kxg2 Bxh4 24. gxh4 Qg4+ 25. Kh2 Qxe4 26. Qb7 Qxh4+ 27. Kg2 Qg4+
28. Kh2 O-O 29. Qxa8 Qxd4 30. Rxb8 Qe5+ 31. f4 Qxb8 32. Qxb8 Rxb8 33. f5 Rb1
34. Kg3 f6 35. a5 g6 36. Re1 Kf7 37. Kf2 Ra1 38. Rh1 h5 39. Ke3 g5 40. Kd2 h4
41. Kc2 Rxa5 42. Bd2 Ra2+ 43. Kc3 d4+ 44. Kd3 c5 45. Rb1 c4+ 46. Ke2 c3 47.
Rb7+ Ke8 48. Rb8+ Ke7 49. Rb7+ Kd8 50. Rb8+ Kd7 51. Rb7+ Kc6 52. Rf7 Rxd2+ 53.
Kf3 c2 54. Rxf6+ Kd5 55. Rxa6 c1=Q 56. Ra5+ Kd6 57. f6 Qc3+ 58. Ke4 Qxa5 59. f7
Qa8+ 60. Kf5 Qf8 61. Kf6 Rf2+ 62. Kxg5 Qxf7 63. Kxh4 Qg8 64. Kh5 Rf7 65. Kh6
Rh7# 0-1

[Event "Tournoi francophone 018D"]
[Site "Skype"]
[Date "????.??.??"]
[Round "6.1"]
[White "Le Bouill, Pierre"]
[Black "Farfallini, Michel"]
[Result "0-1"]
[WhiteElo "1260"]
[BlackElo "1404"]
[PlyCount "34"]

1. d4 d5 2. h3 e6 3. c3 Nf6 4. Nf3 c5 5. Bf4 cxd4 6. Qa4+ Nbd7 7. Qxd4 Bc5 8.
Qd1 Nh5 9. Be5 Qb6 10. Nd4 Qxb2 11. Nd2 Nxe5 12. e3 Nf6 13. Bb5+ Bd7 14. O-O
Bxb5 15. Nxb5 Qxb5 16. Rb1 Qc6 17. f4 Bxe3+ 0-1

[Event "Tournoi francophone 018D"]
[Site "Skype"]
[Date "????.??.??"]
[Round "6.2"]
[White "Rivalta, Paolo"]
[Black "Bucherie, Volcy"]
[Result "1-0"]
[WhiteElo "1142"]
[BlackElo "1274"]
[PlyCount "63"]

1. e4 c6 2. d4 d5 3. e5 Bf5 4. Nf3 Nd7 5. Bd3 Bxd3 6. Qxd3 e6 7. O-O h6 8. c4
Nb6 9. c5 Nc4 10. b3 Na5 11. Na3 a6 12. b4 Nc4 13. Nxc4 dxc4 14. Qxc4 b5 15.
cxb6 Qxb6 16. a3 a5 17. Be3 axb4 18. axb4 Rxa1 19. Rxa1 Bxb4 20. Rb1 c5 21.
dxc5 Qa5 22. Rxb4 Qa1+ 23. Qf1 Qc3 24. Qb5+ Kd8 25. Qb8+ Kd7 26. Rb7+ Kc6 27.
Qc7+ Kd5 28. Qd6+ Ke4 29. Nd2+ Kf5 30. Rxf7+ Kg6 31. Qxe6+ Kh7 32. Qf5# 1-0